| 000 | 00737nam a2200241 a 4500 | ||
|---|---|---|---|
| 001 | 64942 | ||
| 003 | BD-RjUL | ||
| 005 | 20211209081354.0 | ||
| 008 | 170225s1960 enkab b 001 0 eng | ||
| 035 | _a(BD-RjUL)65072 | ||
| 040 |
_aDLC _cTxBeaL _dBD-RjUL _beng |
||
| 041 | _aeng | ||
| 082 |
_a962.403 _223 _bFAS 1960 |
||
| 100 | 1 |
_aFabunmi, L. A. _9192560 |
|
| 245 | 1 | 4 |
_aThe Sudan in Anglo-Egyptian relations : _ba case study in power politics, 1800-1956 / _cL.A. Fabunmi. |
| 260 |
_aLondon : _bLongmans, _c1960. |
||
| 300 |
_axx, 466 p. : _bill. ; _c23 cm. |
||
| 500 | _aIncludes index. | ||
| 651 | 0 |
_aSudan _xHistory. _9192561 |
|
| 651 | 0 |
_aEgypt _xForeign relations _zGreat Britain. _9192562 |
|
| 942 |
_2ddc _cBK |
||
| 999 |
_c64942 _d64942 |
||